[Event "NRW-ch U12"]
[Site "Kranenburg"]
[Date "2007.04.09"]
[Round "1"]
[White "Yu, Roland"]
[Black "Miller, Eduard"]
[Result "1/2-1/2"]
[WhiteElo "1219"]
[BlackElo "1614"]
[PlyCount "120"]
[EventDate "2007.04.09"]
[EventType "swiss"]
[EventRounds "7"]
[EventCountry "GER"]
[SourceTitle "EXT 2008"]
[Source "ChessBase"]
[SourceDate "2007.11.25"]
[SourceVersion "1"]
[SourceVersionDate "2007.11.25"]
[SourceQuality "1"]

1. e4 e5 2. Nf3 Nc6 3. Bc4 Bc5 4. d3 Nf6 5. Nc3 d6 6. Be3 Bg4 7. h3 Bxf3 8. Qxf3 Nd4 9. Bxd4 Bxd4 10. 0-0 0-0 11. Nd1 c6 12. c3 Bb6 13. Ne3 Bxe3 14. Qxe3 b5 15. Bb3 Qb6 16. Qxb6 axb6 17. Rfe1 Rfe8 18. f3 c5 19. Kf2 Nh5 20. g3 g6 21. Bd5 Ra7 22. Bc6 Ree7 23. Bxb5 f5 24. exf5 gxf5 25. a3 Rg7 26. Rg1 Rg6 27. Be8 Rh6 28. Bxh5 Rxh5 29. h4 Rg7 30. Rad1 f4 31. gxf4 exf4 32. Rxg7+ Kxg7 33. Rg1+ Kf6 34. Rg4 Ke5 35. Ke2 b5 36. b3 Rf5 37. c4 bxc4 38. dxc4 Rf7 39. Kd3 Ra7 40. a4 Rf7 41. Rg2 Rb7 42. Kc3 Kf5 43. Rg5+ Ke6 44. h5 Rf7 45. Kd3 Rb7 46. Kc3 Rf7 47. Kd3 Rb7 48. Kc2 Rf7 49. Kc3 Kf6 50. Rg4 Ke5 51. Kd3 Rf5 52. h6 Rh5 53. Rg2 Rxh6 54. a5 Rf6 55. a6 Rf7 56. Ra2 Ra7 57. Rh2 Rxa6 58. Rxh7 Ra3 59. Kc3 Ra1 60. Rh5+ Ke6 1/2-1/2

[Event "Dortmund Sparkassen op-B"]
[Site "Dortmund"]
[Date "2006.08.02"]
[Round "5"]
[White "Yu, Roland"]
[Black "Imcke, Patrick"]
[Result "1-0"]
[WhiteElo "1230"]
[BlackElo "1224"]
[PlyCount "131"]
[EventDate "2006.07.28"]
[EventType "swiss"]
[EventRounds "9"]
[EventCountry "GER"]
[SourceTitle "CBM 113 Extra"]
[Source "ChessBase"]
[SourceDate "2006.09.14"]
[SourceVersion "1"]
[SourceVersionDate "2006.09.14"]
[SourceQuality "1"]

1. e4 e6 2. d4 d5 3. e5 c5 4. c3 Qb6 5. Nf3 Nc6 6. a3 a5 7. Be2 Bd7 8. 0-0 Nh6 9. Qd3 cxd4 10. cxd4 Nf5 11. Rd1 Be7 12. Nc3 0-0 13. Rb1 Rfc8 14. Be3 f6 15. Qb5 Qxb5 16. Bxb5 Nb8 17. Bxd7 Nxd7 18. Ne2 fxe5 19. Nxe5 Nxe5 20. dxe5 Rc2 21. Nd4 Nxe3 22. Nxc2 Nxc2 23. Rbc1 Nxa3 24. bxa3 Bxa3 25. Rc7 b6 26. Rc6 Kf7 27. Rxb6 Rc8 28. Ra6 Bb4 29. g3 Rc5 30. Ra7+ Kf8 31. Rd3 Bc3 32. Rf3+ Ke8 33. Rxg7 d4 34. Rxh7 Rd5 35. Rd3 Rxe5 36. f4 Rf5 37. h4 Rf7 38. Rh5 a4 39. Re5 a3 40. Rxe6+ Kf8 41. Ra6 Bb2 42. Kf2 Rc7 43. Kf3 Rc3 44. Ke4 Rc2 45. Raxa3 Bxa3 46. Rxa3 Rd2 47. Rd3 Rg2 48. Kxd4 Kg7 49. Ke4 Kg6 50. Kf3 Rc2 51. g4 Rh2 52. h5+ Kh6 53. Rd6+ Kg7 54. f5 Rh3+ 55. Kf4 Ra3 56. g5 Ra4+ 57. Ke5 Rg4 58. f6+ Kf8 59. Kf5 Rc4 60. h6 Rc8 61. Rd7 Rc5+ 62. Kg6 Ke8 63. Ra7 Rc8 64. Kg7 Rc1 65. f7+ Kd8 66. f8Q# 1-0

[Event "Dortmund Sparkassen op-B"]
[Site "Dortmund"]
[Date "2006.07.30"]
[Round "3"]
[White "Yu, Roland"]
[Black "Dreesbach, Tobias"]
[Result "1/2-1/2"]
[WhiteElo "1230"]
[BlackElo "1478"]
[PlyCount "110"]
[EventDate "2006.07.28"]
[EventType "swiss"]
[EventRounds "9"]
[EventCountry "GER"]
[SourceTitle "CBM 113 Extra"]
[Source "ChessBase"]
[SourceDate "2006.09.14"]
[SourceVersion "1"]
[SourceVersionDate "2006.09.14"]
[SourceQuality "1"]

1. e4 c5 2. Nf3 e6 3. Nc3 a6 4. Be2 Nc6 5. d3 d6 6. 0-0 Nf6 7. Bg5 Be7 8. Re1 0-0 9. h3 b5 10. a3 Bb7 11. a4 b4 12. Nb1 d5 13. exd5 Nxd5 14. Bxe7 Qxe7 15. Nbd2 Rfd8 16. Ne4 Nf6 17. Nxf6+ Qxf6 18. b3 Qg6 19. Nh4 Qg5 20. Nf3 Qd5 21. Nd2 Nd4 22. Bf3 Nxf3+ 23. Nxf3 Kh8 24. Qe2 Qf5 25. Qe5 Bxf3 26. Qxf5 exf5 27. gxf3 Re8 28. Re3 Kg8 29. Rae1 Kf8 30. Kg2 Rxe3 31. fxe3 Re8 32. e4 fxe4 33. fxe4 Re5 34. Rf1 g5 35. Kg3 h5 36. Rf6 a5 37. Rh6 Kg8 38. Rxh5 f6 39. Kg4 Kg7 40. h4 gxh4 41. Rxe5 fxe5 42. Kxh4 Kh6 43. Kg4 Kg6 44. Kf3 Kh5 45. Ke3 Kg4 46. Kd2 Kf4 47. c3 Kf3 48. cxb4 cxb4 49. d4 Kxe4 50. dxe5 Kxe5 51. Ke3 Kd5 52. Kd3 Ke5 53. Ke3 Kf5 54. Kd4 Kf4 55. Kd3 Ke5 1/2-1/2

[Event "Dortmund Sparkassen op-B"]
[Site "Dortmund"]
[Date "2006.07.28"]
[Round "1"]
[White "Yu, Roland"]
[Black "Mersch, Dirk"]
[Result "0-1"]
[WhiteElo "1230"]
[BlackElo "1634"]
[PlyCount "84"]
[EventDate "2006.07.28"]
[EventType "swiss"]
[EventRounds "9"]
[EventCountry "GER"]
[SourceTitle "CBM 113 Extra"]
[Source "ChessBase"]
[SourceDate "2006.09.14"]
[SourceVersion "1"]
[SourceVersionDate "2006.09.14"]
[SourceQuality "1"]

1. e4 e6 2. d4 d5 3. e5 c5 4. c3 Nc6 5. Nf3 Qb6 6. a3 cxd4 7. cxd4 Nge7 8. Nc3 Nf5 9. Ne2 Be7 10. g3 0-0 11. Bg2 f6 12. 0-0 fxe5 13. dxe5 Bd7 14. Nf4 Qc7 15. Re1 Nh6 16. b4 Rf7 17. Nd3 Nf5 18. Nf4 Raf8 19. Bb2 Qd8 20. Rc1 Bg5 21. Nxg5 Qxg5 22. Qh5 Qd8 23. Qd1 Nfe7 24. Qd2 Qb6 25. Qe3 d4 26. Qd3 Ng6 27. Nxg6 hxg6 28. Bxc6 Bxc6 29. Bxd4 Qd8 30. f4 Qd5 31. Rc2 g5 32. Kf2 gxf4 33. gxf4 Rxf4+ 34. Ke2 Bb5 35. Rc5 Bxd3+ 36. Kxd3 Qxd4+ 37. Kc2 Rf2+ 38. Kb3 Qd3+ 39. Rc3 Qd5+ 40. Ka4 b5+ 41. Ka5 Qb7 42. a4 Qb6# 0-1